LEADER 01100nam0 22002531i 450 001 UON00094007 005 20231205102524.322 100 $a20020107d1992 |0itac50 ba 101 $aita 102 $aIT 105 $a|||| 1|||| 200 1 $aMILANO in età imperiale I-III secolo$eAtti del Convegno di studi 7 novembre 1992 Milano$fComune di Milano$gSettore Cultura e Spettacolo Civiche Raccolte Archeologiche 210 $aMilano$cComune di Milano$d1992 124 p. ; 28 cm. 316 $aSENA CHIESA$5IT-UONSI N 2MILANO006 620 $aIT$dMilano$3UONL000005 686 $aX3$cMISCELLANEE AUTORI VARI$2A 712 02$aMILANO$bSettore Cultura e Spettacolo$3UONV059866 712 $aComune di Milano$3UONV259593$4650 801 $aIT$bSOL$c20240220$gRICA 899 $aSIBA - SISTEMA BIBLIOTECARIO DI ATENEO$2UONSI 912 $aUON00094007 950 $aSIBA - SISTEMA BIBLIOTECARIO DI ATENEO$dSI N 2 MILANO 006 $eSI MC 21137 5 SENA CHIESA 996 $aMILANO in età imperiale I-III secolo$91305116 997 $aUNIOR